000 00595nam a22001937a 4500
003 0
005 20231010143521.0
008 231010b xxu||||| |||| 00| 0 eng d
020 _a978-1-85340-857-1
050 _aHQ 799.15
_b.F32 2005
100 _aFaber, Adele
245 _aHow to talk so teens will listen and listen so teens will talk
_cAdele Faber
260 _aLondon
_bPiccadilly Press
_cc2005.
300 _axvii, 203 pages ;
_c20 cm.
500 _aParenting style.
504 _aIncludes bibliographical references and index.
650 _aParenting style.
942 _2lcc
_cBK
999 _c365514
_d365514